01004nam a22002537a 45000010005000000030006000050050017000110080041000280200018000690400029000870500013001160820018001291000022001472450064001692500046002332600039002793000043003185050008003615200281003695210020006505210020006706500027006907000033007174930FISKH20251030083750.0241025b cb ||||| |||| 00| 0 eng d a9780545175746 aFISKHbengcFISKHdFISKH aDS134.72 a940.531503924 aBrandman, Bronia  aThe girl who survived : b A true story of the Holocaust /  aFirst Scholastic printing, September 2010 aNew York : bScholastic ;c2010 .  a91 pages : billustrations ;c20 cm .  aZ  aBronia helped her family survive during the occupation of Poland by smuggling goods to trade for food. Then Bronia and her sisters were deported to Auschwitz II-Birkenau concentration camp and with courage and the help of strangers Bronia became one of the youngest survivors.8 a910 bLexile 8 aZ bRaz-Plus  abiographyvnon-fiction aBierman, Caroleillustrator